000 01945cam a2200313 4500
001 768714001
003 CO-MdFUSB
005 20251020104405.0
007 ta
008 231124s2006 -us||||| |||| 00| 0 spa d
020 _a0-8297-4755-9
040 _bspa.
_aCO-MdFUSB
_cCO-MdFUSB
_dCO-MdFUSBC
_erda
041 _aspa
_heng
082 0 4 _223
_a230.994
_bN145e
100 1 _aNañez, Rick M. (1963-)
_eautor
240 _aFull gospel, fractured minds?
245 1 0 _a¿Evangelio completo en mentes incompletas? :
_bun desafío a usar el don del intelecto
_c/ Rick M. Nañez ; traducido por Marcela Robaina
264 1 _aMiami, FL. :
_bVida,
_c[2006]
264 4 _c©2006
300 _a319 páginas
336 _atexto
_btxt
_2rdacontent
337 _2rdamedia
_asin mediación
_bn
338 _2rdacarrier
_avolumen
_bnc
505 _aEl corazón y la cabeza: lo que la Biblia enseña sobre la mente - La vida de Dios en la mente de los seres humanos - El apóstol Pablo y sus versículos anti-intelectuales - Mateo, Lucas y Juan en cuanto a los asuntos del intelecto - Los primeros pentecostales y la vida de la mente - La mente llena del Espíritu en los tiempos modernos - Las raíces anti-intelectuales del siglo diecinueve - Cuatro gigantes del evangelicalismo del siglo diecinueve: Peter Cartwright, Charles Finney, Dwight L. Moody, Billy Sunday - La cultura moderna, el anti-intelectualismo y las creencias pentocostales carismáticas - La anatomia del anti-intelectualismo El fino arte de pensar: Razón y Lógica - Moldeemos la mente humana: Educación -- Cómo definir la fe: Teología - Cómo defender la verdad: Apologética - Pensemos en la realidad: Filosofía - Descubramos las realidades de la naturaleza: Ciencia - Ensanchemos la mente: Lectura - Ponderemos las grandes mentes de Dios.
650 2 _9959
_aPensamiento religioso
650 0 _91232
_aCristianismo
_x Influencia
942 _cP
945 _ajohan1477
999 _c43149
_d43149